Thực trạng nhận thức của phụ huynh tại Thành phố Hồ Chí Minh về sự phát triển của trẻ từ 6-11 tuổi
সংরক্ষণ করুন:
| প্রধান লেখক: | |
|---|---|
| বিন্যাস: | গ্রন্থ |
| ভাষা: | Undetermined |
| বিষয়গুলি: | |
| অনলাইন ব্যবহার করুন: | http://lrc.tdmu.edu.vn/opac/search/detail.asp?aID=2&ID=22933 |
| ট্যাগগুলো: |
ট্যাগ যুক্ত করুন
কোনো ট্যাগ নেই, প্রথমজন হিসাবে ট্যাগ করুন!
|
| Thư viện lưu trữ: | Trung tâm Học liệu Trường Đại học Thủ Dầu Một |
|---|
| LEADER | 00777nam a2200145Ia 4500 | ||
|---|---|---|---|
| 001 | TDMU_22933 | ||
| 008 | 210410s9999 xx 000 0 und d | ||
| 082 | |a 155.646 | ||
| 100 | |a Trương, Văn Tuấn | ||
| 245 | 0 | |a Thực trạng nhận thức của phụ huynh tại Thành phố Hồ Chí Minh về sự phát triển của trẻ từ 6-11 tuổi | |
| 245 | 0 | |c Huỳnh Văn Sơn | |
| 300 | |a Tr.57-68 | ||
| 650 | |a Trẻ em (6-11 tuổi); Nhận thức của cha mẹ; Phụ huynh; Phát triển trẻ em; Thành phố Hồ Chí Minh; Trí tuệ xã hội; Chính trị xã hội | ||
| 856 | |u http://lrc.tdmu.edu.vn/opac/search/detail.asp?aID=2&ID=22933 | ||
| 980 | |a Trung tâm Học liệu Trường Đại học Thủ Dầu Một | ||